000 00533nam a2200181Ia 4500
003 GCL
008 140319s9999 xx 000 0 ara d
040 _aGCL /
_cGCL
082 0 4 _a347.01
_bم ا
100 1 _aمصطفى مجدى هرجة
245 1 0 _aالاوامر على العرائض /
_cمصطفى مجدى هرجة
260 _a[S.N] :
_bدار المطبوعات الجامعية ،
_c1990
300 _a315 ص
490 _a
650 0 4 _aالقانون
650 0 4 _aقانون المرافعات
942 _2ddc
_cBK
999 _c28396
_d28396